MARC

LEADER 00000nam a2200000Ia 4500
001 17457
008 160829s1997 xx 000 0 cat d
020 |a 84-7248-435-1 
080 |a D-3-95 
100 |a Alonso González, Luis Manuel   |9 33024 
245 |a Devengo del tributo y período impositivo / Luis Manuel Alonso González 
260 |a Madrid :  |b Marcial Pons, ediciones jurídicas y sociales,  |c 1997 
300 |a 473 p. ;  |c 24 cm 
490 |a Monografías jurídicas 
590 |a Bibliografia 
650 |a Impostos  |x Recaptació  |x Espanya   |9 23623 
650 0 |a Dret fiscal  |x Legislació  |z Espanya  |9 32543 
901 |a Arxiu 
942 |n 1 
952 |0 1  |1 0  |2 udc  |4 0  |5 2  |6 D395  |7 1  |9 44401  |a Arxiu  |b Arxiu  |d 2016-12-01  |l 0  |o D-3-95  |p 17457  |r 2016-12-01 00:00:00  |w 2016-12-01  |y ARXIU 
999 |c 46982  |d 46982